Tous les persos Harry Potter par ordre alphabétique (vraiment tous) - Statistiques

Statistiques générales
  • Ce quiz a été pris 152 fois
  • Le résultat moyen est 60 sur 356
Statistiques - réponses
Hint Réponse % Correct
Acromentule et ami de Hagrid Aragog
66%
Poufsouffle 91 et membre de l'Armée de Dumbledore Hannah Abbot
64%
Professeur de vol Renée Bibine
52%
Parrain de Harry Potter et membre de l'Ordre du phénix Sirius Black
52%
Hyppogriffe de Hagrid et de Sirius Buck
50%
Gryffondor 91 et 1ère petite-ami de Ron Lavande Brown
48%
Frère de Sirius et mangemort qui a récupéré un horcruxe Regulus Arcturus Black
48%
Gryffondor 89 ami de Fred et George et commentateur de quidditch Lee Jordan
46%
Fantôme amoureux du fantôme de Serdaigle Baron Sanglant
44%
Elfe de maison des Malefoy puis libre Dobby
44%
Chien de Hagrid Crockdur
43%
Fantôme et professeur d'histoire de la magie Cuthbert Binns
43%
Cousin de Harry Dudley Dursley
43%
Championne du tournoi des Trois Sorciers de l'école de Beauxbâtons Fleur Delacour
43%
Tante de Harry Pétunia Dursley
43%
Oncle de Harry Vernon Dursley
43%
Copropriétaire d'une célèbre boutique sur l'allée des embrumes Barjow
41%
Rat de Ron Croutard
41%
Mangemort et père de Drago Lucius Malefoy
41%
Mangemort sans la marque et mère de Drago Narcissa Malefoy
41%
Serpentard 91 ami de Drago Vincent Crabbe
41%
Soeur cadette de Dumbledore Ariana Dumbledore
40%
Boursoufflet de Ginny Arnold
40%
Soeur de Fleur Gabrielle Delacour
40%
Elfe de maison des Black Kreattur
40%
Centaure Bane
39%
Hibou de Ron Coquecigrue
39%
Directeur de Durmstrang Igor Karkaroff
39%
Champion de Durmstrang Viktor Krum
39%
Auror très qualifié qui a perdu un œil et une jambe et membre de l'Ordre du phénix Alastor Maugrey
38%
Mangemort aimant Voldemort en secret Bellatrix Lestrange
38%
Champion tournoi des Trois Sorciers de Pourdlard Poufsouffle 88 attrapeur et capitaine Cédric Diggory
38%
Fantôme de Serdaigle La Dame Grise
38%
Professeur de métamorphose et animagus Minerva McGonagall
38%
Serpentard 91 ennemi de Harry Potter Drago Malefoy
37%
Centaure et professeur de divination Firenze
37%
Chouette Harry Hedwige
37%
Directrice de Beauxbatons Olympe Maxime
37%
Professeur de botanique et directrice de la maison poufsouffle Pomona Chourave
37%
Professeur de défense contre les forces du mal durant HP3 et membre de l'Ordre du phénix Remus Lupin
37%
Copropriétaire d'une célèbre boutique sur l'allée des embrumes Caractacus Beurk
36%
Loup-Garou allié de Voldemort Fenrir Greyback
36%
Fils de Hermione et Ron Hugo Granger-Weasley
36%
Tante de Dudley Marjorie Dursley
36%
Alchimiste français qui a fabriqué la pierre philosophale Nicolas Flamel
36%
Fille de Hermione et Ron Rose Granger-Weasley
36%
Rédacteur en chef du Chicaneur Xenophilius Lovegood
36%
Grand-mère de Neville Augusta Londubat
34%
Professeur de défense contre les forces du mal durant HP2 Gildedroy Lockhart
34%
Tableau et porte d'entrée de la salle commune de Gryffondor La Grosse Dame
34%
Serdaigle 92 surnomme Loufoca et membre de l'Armée de Dumbledore Luna Lovegood
34%
Chat de Hermione Pattenrond
34%
Garde chasse à Poudlard et professeur de soins aux créatures magiques Rubeus Hagrid
34%
Barman à "La tête de sanglier" Ordre du phénix Abelforth Dumbledore
33%
Directeur de Pourdlard et ami de Doge Ordre du phénix Albus Dumbledore
33%
Cracmol habitant Little Whinging Arabella Figg
33%
Hibou de la famille Weasley Errol
33%
Géant et demi-frère de Hagrid Graup
33%
Gryffongor 91 et meilleure ami de Harry Potter Hermione Granger
33%
Gryffondor 90 poursuiveuse et membre de l'Armée de Dumbledore Katie Bell
33%
Chatte de Rusard Miss Teigne
33%
Gryffondor 91 gHP maître de Trevor et membre de l'Armée de Dumbledore Neville Londubat
33%
Dragon de Hagrid Norbert
33%
Esprit frappeur de Poudlard Peeves
33%
Serpentard ami de Albus et fils de Drago Scorpius Malefoy
33%
Serpentard et fils de Harry Potter Albus Severus Potter
32%
Mangemort et professeur d'étude des moldus Alecto Carrow
32%
Ministre de la magie Cornelius Fudge
32%
Professeur de sortilèges et directeur de la maison Serdaigle Filius Flitwick
32%
Gryffondor et meilleur ami de Ron Harry Potter
32%
Fondatrice de la maison jaune et noir Helga Poufsouffle
32%
Gryffondor et mère de Harry Potter Lily Potter
32%
Serpent de Tom Jedusor Nagini
32%
Fantôme de gryffondor Nick Quasi-sans-tête
32%
Magizoologiste poufsouffle et auteur "vie et habitat des animaux fantastiques Norbert Dragonneau
32%
Sepentard 91 et amie de Drago Pansy Parkinson
32%
Infirmière de Poudlard Poppy Pomfresh
32%
Métamorphomage et filleul de Harry Potter Teddy Lupin
32%
Ancienne auror envoyé à Sainte-Mangouste à cause de "doloris" Alice Londubat
31%
Mangemort et professeur de l'art de la magie noir Amycus Carrow
31%
Ecrivain connu notamment pour "le conte des 3 frères" Beedle le Barde
31%
Créatrice des dragées surprises Bertie Crochue
31%
Fabricant de baguette Garrick Ollivander
31%
Fondateur de la maison rouge et or Godric Gryffondor
31%
Gryffondor et fils de Ginny et Harry James Sirius Potter
31%
Serdaigle prefète et petite ami de Percy Penelope Deauclaire
31%
Mangemort torturant Alice et Frank et mari de Bellatrix Rodolphus Lestrange
31%
Ainé des Weasley Bill Weasley
30%
Ancien auror envoyé à Sainte-Mangouste à cause de "doloris" Frank Londubat
30%
Un des jumeaux Fred Weasley
30%
Gryffondor et ennemie de Severus James Potter
30%
Gryffondor 87 gardien capitaine Olivier Dubois
30%
Père Weasley Arthur Weasley
29%
Professeur étude des moldus Charity Burbage
29%
Serdaigle 90 attrapeuse et membre de l'Armée de Dumbledore Cho Chang
29%
Bibliotécaire de Poudlard Irma Pince
29%
Héritier de Serpentard et mère de Tom Jedusor Merope Gaunt
29%
Mère Weasley Molly Weasley
29%
Eleveur de dragon en Roumanie Charlie Weasley
28%
Jardinier des Jedusor Frank Bryce
28%
Femme de Harry Ginny Weasley
28%
Gobelin de Gringotts Gripsec
28%
Fantôme de Poufsouffle Le Moine Gras
28%
Gryffondor et file de Ginny et Harry Lily Luna Potter
28%
Femme de Remus et Auror Nymphadora Tonks
28%
Meilleure ami de Harry Ron Weasley
28%
Contrôleur du Magicobus Stan Rocade
28%
Mère de Dumbledore Kendra Dumbledore
27%
Fantôme tuée par le basiliclors de la première ouverture de la chambre des secrets Mimi Geignarde
27%
Père de Dumbledore Perceval Dumbledore
27%
Fils Weasley et préfet en chef dans HP3 Percy Weasley
27%
Professeur de soins aux créatures magiques Wilhelmina Gobe-Planche
27%
Concierge de Poudlard Argus Rusard
26%
Ancien directeur de Poudlard Armando Dippet
26%
L'autre Jumeau George Weasley
26%
Gryffondor de la génération de Severus Rogue et maraudeur Peter Pettigrow
26%
Fondatrice de la maison bleu et bronze Rowena Serdaigle
26%
Fondateur de la maison vert et argent et créateur de la chambre des secrets Salazar Serpentard
26%
Professeur de potions puis directeur de Poudlard Severus Rogue
26%
Chien à trois têtes de Hagrid Touffu
26%
Obscurial qui rencontre Norbert à New-York Croyance Bellebosse
24%
Marchand de glace sur le chemin de traverse Florian Fortarôme
24%
Phénix de Dumbledore Fumsek
24%
Journaliste et animagus en forme de Scarabée Rita Skeeter
24%
Gryffondor 91, ami de Harry et membre de l'Armée de Dumbledore Seamus Finnigan
24%
Crapaud de Neville Trevor
24%
Fils de George et Angelina Fred Jr Weasley
23%
Fabriquant de baquette de l'Europe de l'est Gregorovitch
23%
Héritier de Serpentard et oncle de Tom Jedusor Morfin Gaunt
23%
Professeur de Divination Sibylle Trelawney
23%
Soeur de Bellatrix Andromeda Tonks
22%
Historiennne vivant à Godric's Hollow Bathilda Tourdesac
22%
Héritier de Serpentard et grand-père de Tom Jedusor Elvis Gaunt
22%
Sorcier influent homonymes de Voldemort à son époque et ami de Dumbledore Gellert Grindelwald
22%
Ancien directeur de Poudlard Phineas Nigellus Black
22%
Mangemort torturant Alice et Frank et beau-frère de Bellatrix Rabastan Lestrange
22%
Epouse de Drago 93 Astoria Greengrass
21%
Gryffondor 90, membre du club de Slug et à tenté d'être gardien Cormac McLaggen
21%
Employé du ministère au Magenmagot et directrice de Poudlard Dolores Ombrage
21%
Fille de Serdaigle et fantôme de cette même maison Helena Serdaigle
21%
Fiancée de Thésée et a eu une relation avec Norbert Leta Lestrange
21%
Père de Sirius Black Orion Black
21%
Mère de Sirius Walburga Black
21%
Mangemort ami de Lucius et assassin de Buck Walden Macnair
21%
Père de Nymphadora Ted Tonks
20%
Père de Voldemort Tom Jedusor
20%
Belle-soeur de Drago 91 Daphné Greengrass
19%
Mère de Severus Eileen Prince
19%
Hibou de Percy Hermes
19%
Professeur des Potions Horace Slughorn
19%
A pris la cape d'invisibilité à la mort Ignotus Peverell
19%
Propriétaire du pub les Trois Balais Madame Rosmerta
19%
Vendeuse de prêt-à-portersur le chemin de traverse Mme Guipure
19%
Elfe de Barty Croupton Winky
19%
Gryffondor 89 poursuiveur capitaine et membre de l'Armée de Dumbledore Angelina Johnson
18%
Mangemort qui a réussi à s'échapper d'Azkaban Bartemius Croupton Jr
18%
Dirigeant du département de la coopération magique Bartemius Croupton Sr
18%
Gryffondor 92 et membre de l'Armée de Dumbledore Colin Crivey
18%
Serpentard 86 poursuiveur et capitaine Marcus Flint
18%
Gryffondor 91 et amoureuse de Harry Romilda Vane
18%
Auror américaine marié à Norbert Tina Goldstein
18%
Fille de Bill et Fleur Victoire Weasley
18%
Directrice justice magique Amelia Bones
17%
Employé au département de contrôle des créatures magiques Amos Diggory
17%
Mangemort de la génération de Severus Rogue Avery Jr
17%
Employé du ministère tué par Voldemort pour crée l'Horcruxe de Nagini Bertha Jorkins
17%
Serpentard et membre du club de Slug Blaise Zabini
17%
Gryffondor 94 et membre de l'Armée de Dumbledore Dennis Crivey
17%
Chauffeur du magicobus Ernie Danlmur
17%
Frère de Molly et membre du premier Ordre du phénix Fabian Prewett
17%
Gobelin Bogrod
16%
Frère de Molly et membre du premier Ordre du phénix Gideon Prewett
16%
Elfe de maison de Hepzibah Smith Hokey
16%
Gryffondor 91 et membre de l'Armée de Dumbledore Parvati Patil
16%
Poufsouffle 91 et membre de l'Armée de Dumbledore Susan Bones
16%
Centaure Magorian
14%
Moldue HP2 fait affaire avec Vernon Mme Mason
14%
Fille de Percy Molly Jr Weasley
14%
Moldu HP2 fait affaire avec Vernon Mr Mason
14%
Serdaigle 91 et membre de l'Armée de Dumbledore Padma Patil
14%
Professeur de Défens e contre les forces de Mal Quirinus Quirell
14%
Père de Severus Tobias Rogue
14%
Mangemort qui a tué les frères Prewett Antonin Dolohov
13%
A pris la pierre de résurrection à la mort Cadmus Peverell
13%
Mère adoptive de l'obscurial Mary-Lou Bellebosse
13%
Professeur de soins aux créatures magiques Silvanius Brûlopot
13%
Mangemort et veuf Theodore Jr. Nott
13%
Serpentard 91 Theodore Sr. Nott
13%
Fils de Merope Gaunt et descendant de Serpentard Voldemort
13%
A pris la baguette de Sureau à la mort Antioch Peverell
12%
Professeure d'étude des runes Bathsheba Babbling
12%
Mangemort Crabbe Sr
12%
Gryffondor et amie de Katie durant HP6 Leanne
12%
Ami de Dudley Piers Polkiss
12%
Sorcière américaine capable de lire dans les pensées Queenie Goldstein
12%
Serdaigle91 gHP préfet et membre de l'Armée de Dumbledore Anthony Goldstein
11%
Mangemort de la génération de Tom Jedusor Avery Sr
11%
Membre de l'Ordre du phénix Dedalus Diggle
11%
Auror John Dawlish
11%
Barman du Chaudron Baveur Tom
11%
Oncle dont Ron tient son troisième prénom Billius Weasley
10%
Fille de Fleur et Bill Dominique Weasley
10%
Serpentard 91 et batteur Gregory Goyle
10%
Epouse de Nicolas Flamel Pernelle Flamel
10%
Professeur d'Arithmancie Septima Vector
10%
Père de Lucius Abraxas Malefoy
9%
Gryffondor 91 et membre de l'Amrée de Dumbledore Dean Thomas
9%
Descendante de Helga Poufsouffle et maître de Hokey Hepzibah Smith
9%
Non-Maj qui échange sa valise avec Norbert Jacob Kowalski
9%
Fils Bill et Fleur Louis Weasley
9%
Fille de Percy Lucy Weasley
9%
Auror poufsouffle Thésée Dragonneau
9%
Gryffondor 89 poursuiveuse et membre de l'Armée de Dumbledore Alicia Spinnet
8%
Serdaigle 90 et membre de l'Armée de Dumbledore Marietta Edgecombe
8%
Serdaigle 91 et membre de l'Armée de Dumbledore Michael Corner
8%
Mangemort serpentard de la génération de Severus Rogue Mulciber Jr.
8%
Mangemort de la génération de Tom Jedusor Mulciber Sr.
8%
Fille de George et Angelina Roxanne Weasley
8%
Poufsouffle 91 poursuiveur et membre de l'Armée de Dumbledore Zacharias Smith
8%
Fils de Abelforth Aurelius Dumbledore
7%
Cliente du ChaudronBaveur dans le premier tome Doris Crockford
7%
Conseillier au magenmagot et membe du premier Ordre du phénix Elphias Doge
7%
Gryffondor 95 Euan Abercrombie
7%
Membre de l'Ordre du phénix Hestia Jones
7%
Serdaigle 90 faisant partie du club de slug Marcus Belby
7%
Serdaigle 90 poursuiveur capitaine Roger Davies
7%
Serdaigle 91, il participe au duel de Lockhart et membre de l'Armée de Dumbledore Terry Boot
7%
Mangemort Corban Yaxley
6%
Ancien directrice de Poudlard Dilys Derwent
6%
Gryffondor connue pour son acné Eloise Midgen
6%
Serpentard et mangemort Evan Rosier
6%
Mangemort Gibbon
6%
Batteur et capitaine des Harpies de Holly Head Gwenog Jones
6%
Gryffondor batteurà partir de 96 Jimmy Peakes
6%
Poufsouffle 91 et membre de l'Armée de Dumbledore Justin Finch-Fletchey
6%
Serpentard 91 Millicent Bulstrode
6%
Employé au ministère et sous imperium de Yaxley qui l'a mené Ministre de la Magie Pius Thicknesse
6%
Demi-frère de Leta Yusuf Kama
6%
Membre de l'Ordre du Phenix Emmeline Vance
4%
Poufsouffle 91 et membre de l'Armée de Dumbledore Ernie Macmilan
4%
Gobelin de Gringotts Gornuk
4%
Mangemort Goyle Sr
4%
Membre de l'Ordre du phénix et l'une des plus grande sorcière de la première guerre des sorciers Marlene McKinnon
4%
Membre del'Ordre du phénix Mondingus Fletcher
4%
Acromentule et femme d'Aragog Mosag
4%
Gryffondor batteur HP5 après le départ de Fred et George Andrew Kirke
3%
Auteur de "Potions magiques" Arsenius Beaulitron
3%
Employé du ministère en tant que langue de plomb et tué par un filet du diable Broderick Moroz
3%
Ancien directeur de Poudlard Everard
3%
Serpentard poursuiveur et capitaine Graham Montague
3%
Mère de Leta Laurena Kama
3%
Employé au service des usages abusifs de la magie Mafalda Hopkrik
3%
Gryffondor des années 70 et amie de Lily Evans Mary McDonald
3%
Soeur adoptive de l'obscurial Modestie Bellebosse
3%
Elève qui a envoyé Mimi dans les toilettes juste avant sa mort Olive Hornby
3%
Mangemort Rosier Sr
3%
Ministre de la Magie après Cornelius Fudge Rufus Scrimegeour
3%
Raffleur qui arrête le golden trio et les emmène au manoir Scabior
3%
Mangemort qui a coùbattu pendant la bataille de la tour d'Astronomie Thorfinn Rowle
3%
Serpentard et mangemort Wilkes
3%
Phineas Nigellus était son grand père Arcturus Black
2%
Mangemort envoyé à Azkaban par Karkaroff Augustus Roockwood
2%
Ancêtre des Malefoy Brutus Malefoy
2%
Demi-frère de Leta Corvius Jr Lestrange
2%
Chef du bureau des liaisons des gobelins et né moldu Dirk Cresswell
2%
Membre du premier Ordre du phénix Edgar Bones
2%
Professeur de sortilèges américaine à Ilvermorny Eulalie Hicks
2%
Serpentard 88 batteur Lucien Bole
2%
Gryffondor batteur Richie Coote
2%
Membre de l'Ordre du phénix et habite à Londres Sturgis Podmore
2%
Française et alliée de Gellert Grindelwald Vinda Rosier
2%
Serpentard 89 et poursuiveur Adrian Pucey
1%
Patiente à Sainte-Mangouste dans la chambre de Gilderoy Lockhart Agnès
1%
Employé du ministère à l'emprisonnement des nés-moldus Albert Runcorn
1%
Vendeur de tapis volant Ali Bashir
1%
Elle vivait dans le même orphelinat que Tom Jedusor Amy Benson
1%
Concierge de Poudlard quand Molly y été Apollon Picott
1%
Employé à Sainte Mangouste Augustus Pye
1%
Membre du premier Ordre du phénix Caradoc Dearborn
1%
Fille de cet homme Cedrella Black
1%
Membre du premier Ordre du phénix et tué par Voldemort Dorcas Meadowes
1%
Mangemort présent à la bataille du département des mystères Jugson
1%
Auteur "Manuel avancé de préparation de potions" Libatius Borage
1%
Guérisseuse à Sainte Mangouste Miriam Strout
1%
Cliente magicobus qui a pour destination Abergaverny Mme Dumarais
1%
Sorcier sénégalais et beau-père de Leta Mustafa Kama
1%
Gryffondor et membre de l'Armée de Dumbledore Nigel Wolpert
1%
Directeur de la sécurité magique américaine Percival Graves
1%
Mangemort Selwyn
1%
Père de Arthur Septimus Weasley
1%
Présidente de la magie aux Etats-Unis Seraphine Picquery
1%
Employé du ministère au Magenmagot Tiberius Ogden
1%
Ancien directeur de Poudlard Ambrose Swott
0%
Sorcier agé qui a assister à la coupe du monde de quidditch Archie Aymslowe
0%
Maître de la baguette de sureau prétendu après Loxias Arcus
0%
Ingénieur de balais célèbre Arkie Alderton
0%
Oubliator du ministère de la magie Arnold Bondupois
0%
Emissaire américain de la confédération international des sorciers Arnold Guzman
0%
Serdaigle Aurora Smith
0%
OdP1 tué par un mangemort Benjy Fenwick
0%
Employé de Ministère de la Magie Bernie Pillsworth
0%
Elève de Poudlard dans les années 70 et les maraudeurs lui ont jeté un sort Bertram Aubrey
0%
Employé à la brigade de la police magique Bob Ogden
0%
Serdaigle poursuiveur Bradley
0%
Auteur de la Bible du batteur et du Quidditch à travers les âges Brutus Scrimegeour
0%
Auteur du livre lever le voile du futur Cassandra Vablatsky
0%
Serpentard poursuiveur Cassius Warington
0%
Serdaigle poursuiveur Chambers
0%
Emprisonner par les moldus pour ses écrits et à une carte chocogrenouille à son nom Cornelius Agrippa
0%
Sorcier français de sang pur et père de Leta Corvius Lestrange
0%
Chef du bureau des liaisons avec les gobelins Cubert Faussecreth
0%
Gryffondor et poursuiveur Demelza Robins
0%
Serdaigle 90 Eddie Carmichael
0%
Poufsouffle 94 Eleanor Branstone
0%
Auteur "Manuel de métamorphose à usage des débutants" Emeric G. Changé
0%
Elève de Serdaigle Faucett
0%
Ancien directeur de Poudlard Florean Fortescue
0%
Professeur de Défense contre le forces du Mal de 1894 à 1944 Galatea Têtenjoy
0%
Gryffondor qui tente d'être gardien lors de HP5 Geoffrey Hooper
0%
Employé du ministère de la magie qui a assisté à la coupe du monde de quidditch Gilbert Fripemine
0%
Gobelin propriétaire d'un bar clandestin Gnarlak
0%
Employée du ministère au Magenmagot et amie de Augusta Londubat Griselda Marchbanks
0%
Ministre de la Magie Grogan Stomb
0%
Chasseur de primes qui doit tuer Croyance Gunnar Grimmson
0%
Serpentard 92 attrapeur Harper
0%
Non maj sénateur aux Etats-Unis Henry Shaw
0%
Professeur de botanique du temps d'Armando Dippet Herbert Beery
0%
Guérisseur à Sainte Mangouste Hippocrate Smetwyck
0%
Tante de Dumbledore Honoria Dumbledore
0%
Gryffondor batteur qui a remplacé Fred et George Jack Slopper
0%
Expert de Quidditch Kennylworth Whisp
0%
Auror et membre de l'Ordre du Phenix Kingsley Schaklebolt
0%
Guerisseur à Sainte-Mangouste à la mort d'Ariana Lancelot
0%
Poufsouffle 94 Laura Madley
0%
Elève de Poudlard Lily Moon
0%
Nièce de Molly Mafalda Weasley
0%
Serdaigle 91 Mandy Brocklehurst
0%
Serpentard gardien Miles Bletchley
0%
Autrice du "Livre des sorts" et "Enchantement" et "Guide d'herbologie" Miranda Fauconnette
0%
Poufsouffle 94 Owen Cauldwell
0%
Serpentard 88 batteur Peregrine Derrick
0%
Ancien directrice de Poudlard et autrice de "Mille herbes et champignons magiques" Phyllida Augirolle
0%
Ancien directeur de Poudlard Quentin Jentremble
0%
Employé à la confédération internationale des sorciers Rudolph Spielman
0%
Serdaigle 94 Stewart Ackely
0%
Poufsouffle et joueur de quidditch Summerby
0%
Poufsouffle Summers
0%
Elève de Serpentard et attrapeur Terencce Higgs
0%
Employé du ministère et mangemort Torquil Tarvers
0%
Eleve de Poudlard 91 Tracey Davis
0%
Serpentard poursuiveur et Capitaine Urquhart
0%
Auteur du livre Sort et Contre-Sort et ancien directeur de Poudlard Vindictus
0%
Elève de Poudlard 91 Wayne Hopkins
0%
Auteur de la "Théorie des stratégies de défenses magiques" Wilbert Eskividur
0%
Employé du ministère de la magie et porte ses vêtement à l'envers Wiliam Alderton
0%
Auror au ministère Williamson
0%
Aucun quiz correspondant
Distribution des résultats
% des personnes avec chaque résultat
Percentile par nombre de réponses
Votre historique - résultats
Vous n’avez pas pris ce quiz